书目信息 |
| 题名: |
以小见大看世界
|
|
| 作者: | 心宁, 著 | |
| 分册: | ||
| 出版信息: | 北京 中国商业出版社 2018 |
|
| 页数: | 192页 | |
| 开本: | 24cm | |
| 丛书名: | ||
| 单 册: | ||
| 中图分类: | I217.01 | |
| 科图分类: | ||
| 主题词: | 诗集--Shi Ji--中国--现代 , 散文集--San Wen Ji--中国--现代 | |
| 电子资源: | ||
| ISBN: | 978-7-5208-0295-6 | |
| 000 | 01215nam0 2200253 450 | |
| 001 | 012001008463 | |
| 005 | 20131023075643.0 | |
| 010 | @a978-7-5208-0295-6@dCNY45.80 | |
| 099 | @aCAL 012018095128 | |
| 100 | @a20180529d2018 ekmy0chiy50 ea | |
| 101 | 0 | @achi |
| 102 | @aCN@b110000 | |
| 105 | @aa z 000zy | |
| 106 | @ar | |
| 200 | 1 | @a以小见大看世界@AYi Xiao Jian Da Kan Shi Jie@f心宁著 |
| 210 | @a北京@c中国商业出版社@d2018 | |
| 215 | @a192页@c图@d24cm | |
| 330 | @a这是一本诗歌散文集,本书以诗歌和散文的形式,介绍了瑶族乡的旅游景点和名人故居。全书分南方有感、大山有感、进城有感、心宁诗歌四卷。。该书以诗歌的形式描写了文明瑶族乡背后的山水密码,这在现如今中国所有的图书中属于首次。因为文明瑶族乡早在1934年便发生了举世闻名的“半床棉被的故事”。也正是因为这次提名,文明瑶族乡一夜之间就红遍了中国的大江南北,许多游客、甚至记者纷纷云集此地,想要一探究竟。然而尽管如此,却很少有人会去关注这个默默无闻的乡镇背后的山水密码。该书还以诗歌和散文的形式,介绍了瑶族乡的旅游景点和名人故居。 | |
| 606 | 0 | @a诗集@AShi Ji@y中国@z现代 |
| 606 | 0 | @a散文集@ASan Wen Ji@y中国@z现代 |
| 690 | @aI217.01@v5 | |
| 701 | 0 | @a心宁,@AXin Ning@f1989-@4著 |
| 801 | 0 | @aCN@b上海新华@c20191020 |
| 905 | @b1178522-5@dI217.01@e959@f4 | |
| 以小见大看世界/心宁著.-北京:中国商业出版社,2018 |
| 192页:图;24cm |
| ISBN 978-7-5208-0295-6:CNY45.80 |
| 这是一本诗歌散文集,本书以诗歌和散文的形式,介绍了瑶族乡的旅游景点和名人故居。全书分南方有感、大山有感、进城有感、心宁诗歌四卷。。该书以诗歌的形式描写了文明瑶族乡背后的山水密码,这在现如今中国所有的图书中属于首次。因为文明瑶族乡早在1934年便发生了举世闻名的“半床棉被的故事”。也正是因为这次提名,文明瑶族乡一夜之间就红遍了中国的大江南北,许多游客、甚至记者纷纷云集此地,想要一探究竟。然而尽管如此,却很少有人会去关注这个默默无闻的乡镇背后的山水密码。该书还以诗歌和散文的形式,介绍了瑶族乡的旅游景点和名人故居。 |
| ● |
| 相关链接 |
|
|
|
|
正题名:以小见大看世界
索取号:I217.01/959
 
预约/预借
| 序号 | 登录号 | 条形码 | 馆藏地/架位号 | 状态 | 备注 |
| 1 | 1178522 | 211785228 | 第一样本阅览室/ [索取号:I217.01/959] | 在馆 | |
| 2 | 1178523 | 211785237 | 第二借阅区/ [索取号:I217.01/959] | 在馆 | |
| 3 | 1178524 | 211785246 | 第二借阅区/ [索取号:I217.01/959] | 在馆 | |
| 4 | 1178525 | 211785255 | 第二借阅区/ [索取号:I217.01/959] | 在馆 |